00542pab a2200181 454500008004000000100002900040245006600069260000900135300001400144362001200158650001500170650002100185773001300206908000600219909001100225999001900236952010500255180718b1980 xxu||||| |||| 00| 0 eng d aMukhopadhyay, Asok Kumar aLocal political leadership in the city government of Calcutta c1980 ap.98-108. aJan-Mar aLeadership aLocal government aNagarlok aN a101991 c101989d101989 00104070aIIPAbIIPAd2018-07-19hVolume no: 12, Issue no: 1pAR102451r2018-07-19w2018-07-19yAR